[Event "BUL-ch 84th"]
[Site "Sofia"]
[Date "2020.03.05"]
[Round "5"]
[White "Vasilev, Milen"]
[Black "Todorov, Tsetsko"]
[Result "1-0"]
[WhiteElo "2397"]
[BlackElo "2009"]
[PlyCount "45"]
[EventDate "2020.03.02"]
[EventType "swiss"]
[EventRounds "9"]
[EventCountry "BUL"]
[SourceTitle "CBM 195 Extra"]
[Source "ChessBase"]
[SourceDate "2020.05.31"]
[SourceVersion "1"]
[SourceVersionDate "2020.05.31"]
[SourceQuality "1"]

1. d4 Nf6 2. Bg5 e6 3. e4 Be7 4. Nc3 d5 5. e5 Nfd7 6. Bxe7 Qxe7 7. f4 0-0 8. Nf3 a6 9. Bd3 g6 10. h4 c5 11. h5 cxd4 12. Ne2 Kg7 13. Qd2 f5 14. hxg6 h6 15. 0-0-0 Nc5 16. Nexd4 Nc6 17. g4 Nxd4 18. Nxd4 Ne4 19. Bxe4 fxe4 20. f5 Qg5 21. Qxg5 hxg5 22. Rh7+ Kg8 23. f6 1-0

[Event "Varna U2200 op"]
[Site "Varna"]
[Date "2019.07.03"]
[Round "2"]
[White "Chitakova, Galya"]
[Black "Todorov, Tsetsko"]
[Result "0-1"]
[WhiteElo "1706"]
[BlackElo "2002"]
[PlyCount "96"]
[EventDate "2019.07.02"]
[EventType "swiss"]
[EventRounds "7"]
[EventCountry "BUL"]
[SourceTitle "EXT 2020"]
[Source "ChessBase"]
[SourceDate "2019.10.17"]
[SourceVersion "1"]
[SourceVersionDate "2019.10.17"]
[SourceQuality "1"]

1. e4 c5 2. Nf3 d6 3. d4 cxd4 4. Nxd4 Nf6 5. Nc3 a6 6. Be2 e6 7. 0-0 Be7 8. Kh1 0-0 9. f4 Qc7 10. Qe1 b5 11. a3 Bb7 12. Bd3 Nbd7 13. Nb3 Rac8 14. Qg3 Rfe8 15. Bd2 Nb6 16. e5 Nfd7 17. f5 exf5 18. Rxf5 Nxe5 19. Raf1 Bf8 20. Ne4 Bxe4 21. Bxe4 d5 22. Bf4 dxe4 23. Bxe5 Rxe5 24. Qxe5 Qxe5 25. Rxe5 Rxc2 26. Rxe4 Rxb2 27. Nd4 g6 28. Re8 Nc4 29. Ne6 fxe6 30. Rexf8+ Kg7 31. R8f7+ Kh6 32. R1f3 Rb1+ 33. Rf1 Rxf1+ 34. Rxf1 Nxa3 35. Rf6 b4 36. Rxe6 b3 37. Rxa6 b2 38. Rb6 b1Q+ 39. Rxb1 Nxb1 40. g3 Kg5 41. Kg2 Nd2 42. h3 Kf5 43. Kf2 Ke4 44. Ke2 h6 45. g4 Nf3 46. Kf2 Kf4 47. Kg2 Ng5 48. h4 Kxg4 0-1

[Event "Varna U2200 op"]
[Site "Varna"]
[Date "2019.07.02"]
[Round "1"]
[White "Todorov, Tsetsko"]
[Black "Mladenov, Elian"]
[Result "1-0"]
[WhiteElo "2002"]
[BlackElo "1327"]
[PlyCount "55"]
[EventDate "2019.07.02"]
[EventType "swiss"]
[EventRounds "7"]
[EventCountry "BUL"]
[SourceTitle "EXT 2020"]
[Source "ChessBase"]
[SourceDate "2019.10.17"]
[SourceVersion "1"]
[SourceVersionDate "2019.10.17"]
[SourceQuality "1"]

1. d4 Nf6 2. c4 g6 3. Nc3 Bg7 4. e4 d6 5. f3 0-0 6. Be3 e5 7. Nge2 Nc6 8. Qd2 Re8 9. 0-0-0 Nd7 10. d5 Ne7 11. g4 a6 12. Kb1 Rb8 13. Nc1 Nf8 14. c5 Nd7 15. Nb3 b6 16. cxd6 cxd6 17. h4 Nc5 18. h5 Nxb3 19. axb3 b5 20. hxg6 hxg6 21. Qh2 Kf8 22. Bh6 Ng8 23. g5 Qc7 24. Bxg7+ Kxg7 25. Qh8+ Kf8 26. Rh7 Ke7 27. Rxf7+ Kxf7 28. Qh7+ 1-0

[Event "Sofia MGU op 199th"]
[Site "Sofia"]
[Date "2017.12.24"]
[Round "5"]
[White "Todorov, Tsetsko"]
[Black "Metev, Martin"]
[Result "1/2-1/2"]
[WhiteElo "2002"]
[BlackElo "1892"]
[PlyCount "96"]
[EventDate "2017.12.23"]
[EventType "swiss"]
[EventRounds "6"]
[EventCountry "BUL"]
[SourceTitle "CBM 182 Extra"]
[Source "ChessBase"]
[SourceDate "2018.02.23"]
[SourceVersion "1"]
[SourceVersionDate "2018.02.23"]
[SourceQuality "1"]

1. c4 e5 2. Nc3 Nf6 3. Nf3 Nc6 4. g3 d5 5. cxd5 Nxd5 6. d3 Be7 7. Nxd5 Qxd5 8. Bg2 Bb4+ 9. Bd2 Bxd2+ 10. Qxd2 0-0 11. 0-0 Qd6 12. Rac1 Be6 13. a3 f6 14. Qc3 Bd5 15. b4 a6 16. e3 Rac8 17. Rfd1 Qe7 18. Qc5 Qxc5 19. Rxc5 Rfd8 20. Rdc1 Bxf3 21. Bxf3 Rxd3 22. b5 axb5 23. Rxb5 Rxa3 24. Rxb7 Ne7 25. Bg4 f5 26. Rcxc7 Rxc7 27. Rxc7 Kf8 28. Be2 Ra5 29. Kg2 Ra2 30. Bd1 Nd5 31. Rc8+ Ke7 32. Kf1 Ra1 33. Ke2 Ra2+ 34. Ke1 Nb4 35. Be2 Ra1+ 36. Kd2 Ra2+ 37. Kd1 Ra1+ 38. Rc1 Rxc1+ 39. Kxc1 f4 40. exf4 exf4 41. gxf4 Nd5 42. Bd3 h6 43. f5 Kf6 44. Kd2 Ne7 45. Ke3 Nxf5+ 46. Kf4 Nd4 47. h4 g5+ 48. hxg5+ hxg5+ 1/2-1/2

[Event "Sofia ChessBomb op 3rd"]
[Site "Sofia"]
[Date "2016.04.17"]
[Round "6"]
[White "Todorov, Tsetsko"]
[Black "Metev, Martin"]
[Result "1-0"]
[WhiteElo "1949"]
[BlackElo "2055"]
[PlyCount "61"]
[EventDate "2016.04.16"]
[EventType "swiss"]
[EventRounds "6"]
[EventCountry "BUL"]
[SourceTitle "CBM 171 Extra"]
[Source "ChessBase"]
[SourceDate "2016.04.26"]
[SourceVersion "1"]
[SourceVersionDate "2016.04.26"]
[SourceQuality "1"]

1. d4 e6 2. c4 d5 3. Nc3 c6 4. e3 Nd7 5. Nf3 Ngf6 6. Bd3 dxc4 7. Bxc4 b5 8. Bd3 a6 9. 0-0 c5 10. Qe2 Bb7 11. Rd1 Qb6 12. b3 Be7 13. Bb2 0-0 14. Ne5 Rfd8 15. Rac1 Rac8 16. Bb1 cxd4 17. exd4 Qa5 18. Rd3 b4 19. Nc4 Rxc4 20. bxc4 bxc3 21. Rdxc3 Nf8 22. Rb3 Ba8 23. d5 Re8 24. Rg3 Bd6 25. Bxf6 Bxg3 26. Bc3 Qa3 27. Bb2 exd5 28. Bxh7+ Kh8 29. Qh5 Bxf2+ 30. Kf1 Qxb2 31. Bg6+ 1-0